Hệ thống bài tập, bài giải và dạng đề thi nghiệp vụ ngân hàng thương mại
Bài tập tình huống và bài giải gợi ý trực tiếp, giúp người học nắm bắt phương pháp xử lý các nội dung liên quan đến nghiệp vụ tín dụng của Ngân hàng thương mại. Bài tập tình huống cũng cố kiến thức....
Zapisane w:
| 1. autor: | |
|---|---|
| Kolejni autorzy: | , , |
| Format: | Książka |
| Język: | Vietnamese |
| Wydane: |
Tp. Hồ Chí Minh
Kinh tế TP. Hồ Chí Minh
2015
|
| Wydanie: | Tái bản lần 2 có bổ sung, chỉnh sửa |
| Hasła przedmiotowe: | |
| Etykiety: |
Dodaj etykietę
Nie ma etykietki, Dołącz pierwszą etykiete!
|
| Thư viện lưu trữ: | Thư viện Trường Đại học Nam Cần Thơ |
|---|
| LEADER | 01439nam a22002417a 4500 | ||
|---|---|---|---|
| 001 | NCT_57045 | ||
| 008 | 190111b xxu||||| |||| 00| 0 vie d | ||
| 999 | |c 2754 |d 2754 | ||
| 020 | |a 9786049221828 |c 37000 | ||
| 082 | 0 | 4 | |2 23rd ed. |a 332.12076 |b D464 |
| 100 | 1 | |a Nguyễn Đăng Dờn |e Chủ biên | |
| 245 | 1 | 0 | |a Hệ thống bài tập, bài giải và dạng đề thi nghiệp vụ ngân hàng thương mại |c Nguyễn Đăng Dờn (chủ biên) ; Nguyễn Quốc Anh, Nguyễn Thị Hiền |
| 250 | |a Tái bản lần 2 có bổ sung, chỉnh sửa | ||
| 260 | |a Tp. Hồ Chí Minh |b Kinh tế TP. Hồ Chí Minh |c 2015 | ||
| 300 | |a 145 tr. |c 24cm | ||
| 520 | 3 | |a Bài tập tình huống và bài giải gợi ý trực tiếp, giúp người học nắm bắt phương pháp xử lý các nội dung liên quan đến nghiệp vụ tín dụng của Ngân hàng thương mại. Bài tập tình huống cũng cố kiến thức. | |
| 653 | |a Tài chính - Ngân hàng | ||
| 700 | 1 | |a Nguyễn Quốc Anh | |
| 700 | 1 | |a Nguyễn Thị Hiền | |
| 700 | 1 | |a Nguyễn Văn Thầy | |
| 942 | |2 ddc |c BK | ||
| 952 | |0 0 |1 0 |2 ddc |4 0 |6 332_120760000000000_D464 |7 0 |9 15177 |a 000001 |b 000001 |d 2019-01-11 |o 332.12076 D464 |p MD.13934 |r 2019-01-11 |v 37000.00 |w 2019-01-11 |y BK | ||
| 980 | |a Thư viện Trường Đại học Nam Cần Thơ | ||


